Classement ballon d'or 2023 - Statistiques

Statistiques générales
  • Ce quiz a été pris 1 033 fois
  • Le résultat moyen est 14 sur 30
Statistiques - réponses
Place Joueur Pays % Correct
1 Lionel Messi Argentine
100%
3 Kylian Mbappé France
91%
10 Luka Modric Croatie
65%
2 Erling Haaland Norvège
64%
11 Mohamed Salah Egypte
62%
6 Vinicius Jr. Brésil
62%
4 Kevin De Bruyne Belgique
61%
5 Rodri Espagne
58%
12 Robert Lewandowski Pologne
57%
21 Antoine Griezmann France
54%
15 Emiliano Martinez Argentine
54%
20 Lautaro Martinez Argentine
54%
8 Victor Osimhen Nigeria
49%
7 Julian Alvarez Argentine
48%
9 Bernardo Silva Portugal
47%
13 Yassine Bounou Maroc
46%
19 Harry Kane Angleterre
45%
28 Martin Odegaard Norvège
40%
16 Karim Benzema France
39%
18 Jude Bellingham Angleterre
38%
30 Ruben Dias Portugal
33%
26 Jamal Musiala Allemagne
31%
22 Min-jae Kim Corée du Sud
31%
29 Randal Kolo Muani France
31%
23 André Onana Cameroun
23%
25 Josko Gvardiol Croatie
22%
24 Bukayo Saka Angleterre
20%
14 Ilkay Gündogan Allemagne
19%
17 Khvicha Kvaratskhelia Géorgie
19%
27 Nicolo Barella Italie
18%
Aucun quiz correspondant
Distribution des résultats
% des personnes avec chaque résultat
Percentile par nombre de réponses
Votre historique - résultats
Vous n’avez pas pris ce quiz